MAC Logo Quiz - Statistics

General Stats
  • This quiz has been taken 10 times
  • The average score is 12 of 13
Answer Stats
Picture Answer % Correct
Bowling Green
100%
Massachusetts
100%
Northern Illinois
100%
Ohio
100%
Western Michigan
100%
Akron
88%
Ball State
88%
Central Michigan
88%
Eastern Michigan
88%
Kent State
88%
Miami (OH)
88%
Buffalo
75%
Toledo
75%
No matching quizzes found
Score Distribution
Percent of People with Each Score
Percentile by Number Answered
Your Score History
You have not taken this quiz